[Event "II Festival Magistrale"]
[Site "Amantea ITA"]
[Date "1992.09.??"]
[Round "8"]
[White "Medancic, Rikard"]
[Black "Kosten, Anthony C."]
[Result "0-1"]
[WhiteElo "2325"]
[BlackElo "2515"]
[PlyCount "72"]
[EventDate "1992.09.20"]

1. d4 Nf6 2. c4 e6 3. Nc3 Bb4 4. Qc2 O-O 5. a3 Bxc3+ 6. Qxc3 Qe8 7. Nf3 d6 8.
g3 a5 9. b3 a4 10. b4 b5 11. c5 Bb7 12. Bg2 Bd5 13. O-O Nc6 14. Re1 Ne7 15. Qd3
Be4 16. Qd1 dxc5 17. dxc5 Rd8 18. Bd2 Nc6 19. Ra2 Qd7 20. Qa1 Bd5 21. Rb2 Ne4
22. Bc1 e5 23. Nd2 Ng5 24. e4 Be6 25. Nf3 Nxf3+ 26. Bxf3 Nd4 27. Bg2 Bg4 28.
Rd2 Qe6 29. Rxd4 Rxd4 30. Bb2 Rd2 31. Bxe5 Rfd8 32. Bxc7 R8d4 33. h3 Rd1 34.
hxg4 Rxa1 35. Rxa1 Qb3 36. c6 Qc3 0-1

[Event "II Festival Magistrale"]
[Site "Amantea ITA"]
[Date "1992.09.??"]
[Round "9"]
[White "Palac, Mladen"]
[Black "Malaniuk, Vladimir P."]
[Result "0-1"]
[WhiteElo "2505"]
[BlackElo "2540"]
[PlyCount "54"]
[EventDate "1992.09.20"]

1. e4 d6 2. f4 Nf6 3. Nc3 d5 4. e5 d4 5. exf6 dxc3 6. fxg7 cxd2+ 7. Bxd2 Bxg7
8. Bc4 Qd4 9. Bd3 Qxb2 10. Rb1 Qf6 11. Qh5 Nd7 12. Ne2 Qd6 13. Bb4 c5 14. Ba3
b6 15. O-O Bb7 16. Bb5 O-O-O 17. Ng3 Rhg8 18. Rbe1 Bd4+ 19. Kh1 Nf6 20. Qh3+ e6
21. Re2 Rg4 22. Ne4 Bxe4 23. Rxe4 Nxe4 24. Ba6+ Kb8 25. Qxg4 Nf2+ 26. Rxf2 Bxf2
27. Be2 Qd4 0-1